书目信息 |
| 题名: |
加入世贸意味什么?
|
|
| 作者: | 莫童 著 | |
| 分册: | ||
| 出版信息: | 北京 中国城市出版社 1999 |
|
| 页数: | 11,600页 | |
| 开本: | 20cm | |
| 丛书名: | ||
| 单 册: | ||
| 中图分类: | F752.4 | |
| 科图分类: | ||
| 主题词: | 经济--中国--影响因素--世界贸易组织 , 经济 , 对外贸易--世界 | |
| 电子资源: | ||
| ISBN: | 7-5074-1144-3 | |
| 000 | 00754nam0 2200253 450 | |
| 001 | 1138500616 | |
| 005 | 20111005104447.20 | |
| 010 | @a7-5074-1144-3@dCNY29.80 | |
| 100 | @a19991118d1999 emky0chiy0110 ea | |
| 101 | 0 | @achi |
| 102 | @aCN@b110000 | |
| 105 | @ay z 000yy | |
| 200 | 1 | @a加入世贸意味什么?@Ajia ru shi mao yi wei shen me ?@e影响中国经济与百姓生活的22个方面@f莫童著 |
| 210 | @a北京@c中国城市出版社@d1999 | |
| 215 | @a11,600页@d20cm | |
| 601 | 0 | @a世界贸易组织@x影响@x经济@x中国 |
| 601 | 0 | @2CT@3S903511@a世界贸易组织 |
| 606 | 0 | @a经济@x中国@x影响因素@x世界贸易组织 |
| 606 | 0 | @a经济 |
| 606 | 0 | @a对外贸易@x世界 |
| 690 | @aF752.4@v4 | |
| 701 | 0 | @a莫童@Amo tong@4著 |
| 801 | 0 | @aCN@bNLC@c20101222 |
| 905 | @a10447@dF752.4@eJY12 | |
| 加入世贸意味什么?:影响中国经济与百姓生活的22个方面/莫童著.-北京:中国城市出版社,1999 |
| 11,600页;20cm |
| ISBN 7-5074-1144-3:CNY29.80 |
| ● |
| 相关链接 |
|
|
|
|
正题名:加入世贸意味什么?
索取号:F752.4/JY12
 
预约/预借
| 序号 | 登录号 | 条形码 | 馆藏地/架位号 | 状态 | 备注 |
| 1 | 7814160 | 278141609 | 学院路分馆/ [索取号:F752.4/JY12] | 在馆 | |
| 2 | 7814161 | 278141618 | 学院路分馆/ [索取号:F752.4/JY12] | 在馆 | |
| 3 | 7814162 | 278141627 | 学院路分馆/ [索取号:F752.4/JY12] | 在馆 | |
| 4 | 7814163 | 278141636 | 学院路分馆/ [索取号:F752.4/JY12] | 在馆 |